Ichtyofauna Popradu a Hornádu

Bibliographic Details
Main Author: Géci, Stanislav (Author)
Format: Article
Language:Slovak
Subjects:

MARC

LEADER 00000nab a2200000 a 4500
001 vtls000786397
003 SK-MaSNL
005 20260304124423.0
008 250429c2001 xo 0 slo
015 |a SNBRB2002/03-09016 
035 |a CLN000138053 
035 |a urn:nbn:sk:snk-aber5c 
035 |a (urnnbn)urn:nbn:sk:snk:ar-006z1o 
035 |a (uuid)3fda0898-4bce-473f-9258-6d0d226a3735 
040 |a SNKBUCL  |b slo  |c SNKBUCL  |e AACR2 
041 0 |a slo 
044 |a xo  |c SK 
080 |a 597(437.6):591.9  |2 1997 
080 |a 591.9(437.6)  |2 1997 
080 |a 639.2.052.2(437.6)  |2 1997 
100 1 |a Géci, Stanislav  |4 aut  |9 541661 
245 1 0 |a Ichtyofauna Popradu a Hornádu  |c Stanislav Géci 
300 |b Fotogr. 
650 0 7 |a ryby  |2 snkbucl  |9 2750 
650 0 7 |a ichtyofauna  |2 snkbucl  |9 16523 
650 0 7 |a fauna  |2 snkbucl  |9 3748 
651 7 |a Hornád (Slovensko a Maďarsko : rieka)  |2 snkbucl  |9 26821 
651 7 |a Poprad (Slovensko a Poľsko : rieka)  |2 snkbucl  |9 31425 
655 7 |a články z novín a časopisov  |2 snkbucl  |9 267496 
773 0 |t Poľovníctvo a rybárstvo  |g Roč. 53, č. 11 (2001), s. 40-41  |x 0231-8768 
850 |a Slovenská národná knižnica 
852 |a Slovenská národná knižnica 
954 |a odborná, vedecká literatúra pôvodná (slovenská)  |2 lita 
958 |a article27 
958 |a SK 
958 |a OND 
958 |a EUIPO 
992 |a RBX 
999 |c 2891321  |d 2893251